000 00578nam a2200229Ia 4500
003 OSt
005 20220918204345.0
006 a|||||r|||| 00| 0
007 ta
008 220917b |||||||| |||| 00| 0 eng d
024 _a112,324
037 _cTextual
040 _aARTS
_cARTS
_beng
041 _2eng
_aeng
082 _aV5:1:J, J4 (TV)
100 _aPainter Sidney
_9111742
245 0 _aHistory of the middle ages 284-1500
260 _c1954
650 _aHISTORY
942 _hV5:1:J, J4 (TV)
_cTEXL
_2CC
999 _c235673
_d235673